[Event "St Petersburg Summer op"]
[Site "St Petersburg"]
[Date "2017.08.19"]
[Round "4"]
[White "Kuprijanov, Anatoly"]
[Black "Leolko, Ljudmila"]
[Result "1-0"]
[WhiteElo "2270"]
[BlackElo "1991"]
[PlyCount "113"]
[EventDate "2017.08.16"]
[EventType "swiss"]
[EventRounds "9"]
[EventCountry "RUS"]
[SourceTitle "CBM 180 Extra"]
[Source "ChessBase"]
[SourceDate "2017.10.06"]
[SourceVersion "1"]
[SourceVersionDate "2017.10.06"]
[SourceQuality "1"]

1. d4 Nf6 2. Nf3 b6 3. g3 Bb7 4. Bg2 e6 5. 0-0 Be7 6. c4 0-0 7. Nc3 d6 8. d5 e5 9. a3 a5 10. Bd2 Na6 11. Rb1 Nd7 12. e4 Bc8 13. Ne1 f5 14. exf5 Rxf5 15. f4 exf4 16. Bh3 Rf8 17. Be6+ Kh8 18. gxf4 Nf6 19. f5 Nc5 20. b4 axb4 21. axb4 Nce4 22. Nc2 Ba6 23. b5 Bb7 24. Nd4 Nxc3 25. Bxc3 Ne4 26. Bb2 Bf6 27. Qc2 Nc5 28. Nf3 Ra4 29. Ra1 Bxb2 30. Rxa4 Nxa4 31. Qxa4 h6 32. Rf2 Bf6 33. Ra2 Qe7 34. Qc2 Rb8 35. Ra7 Kh7 36. Qa2 Qe8 37. Qc2 Qh5 38. Qe4 Qh3 39. Kf2 Qh5 40. Qf4 Ra8 41. Rxa8 Bxa8 42. Qe4 Kh8 43. Bd7 Be5 44. Kg2 Qf7 45. Be6 Qf6 46. Qg4 Ba1 47. Qh5 Qd8 48. h4 Bf6 49. Kh3 Bb7 50. Ng5 Bxg5 51. hxg5 Qf8 52. Qg6 Ba8 53. gxh6 gxh6 54. f6 Bb7 55. Kh4 Bc8 56. Bxc8 Qxc8 57. Qg7# 1-0

[Event "St Petersburg Summer op"]
[Site "St Petersburg"]
[Date "2017.08.16"]
[Round "1"]
[White "Chistyakova, Daria"]
[Black "Kuprijanov, Anatoly"]
[Result "1/2-1/2"]
[WhiteElo "1841"]
[BlackElo "2270"]
[PlyCount "85"]
[EventDate "2017.08.16"]
[EventType "swiss"]
[EventRounds "9"]
[EventCountry "RUS"]
[SourceTitle "CBM 180 Extra"]
[Source "ChessBase"]
[SourceDate "2017.10.06"]
[SourceVersion "1"]
[SourceVersionDate "2017.10.06"]
[SourceQuality "1"]

1. e4 d5 2. exd5 Qxd5 3. Nc3 Qd6 4. d4 c6 5. Nf3 Nf6 6. Bd3 Bg4 7. Be3 Nbd7 8. Qd2 Bxf3 9. gxf3 e5 10. Ne4 Nxe4 11. Bxe4 exd4 12. Bxd4 Qe6 13. Qa5 b6 14. Qf5 Qxf5 15. Bxf5 0-0-0 16. 0-0-0 Kc7 17. Rhg1 f6 18. Be3 g5 19. f4 h6 20. fxg5 hxg5 21. f4 gxf4 22. Bxf4+ Ne5 23. Rxd8 Kxd8 24. Rd1+ Ke7 25. h3 Bh6 26. Bxh6 Rxh6 27. Rg1 Rh5 28. Rf1 Rg5 29. Rf2 Nf7 30. Bg4 Nh6 31. Re2+ Kf7 32. Be6+ Kf8 33. Bd7 c5 34. Bc6 Rg3 35. Re8+ Kf7 36. Ra8 Ke6 37. Rxa7 Kd6 38. Bb5 Rxh3 39. Rb7 Rh1+ 40. Kd2 Rh2+ 41. Kc3 Rh3+ 42. Kd2 Rh2+ 43. Kc3 1/2-1/2

[Event "Riga Tech op 5th"]
[Site "Riga"]
[Date "2015.08.11"]
[Round "3"]
[White "Kuprijanov, Anatoly"]
[Black "Georgiadis, Nico"]
[Result "1/2-1/2"]
[WhiteElo "2305"]
[BlackElo "2485"]
[PlyCount "112"]
[EventDate "2015.08.10"]
[EventType "swiss"]
[EventRounds "9"]
[EventCountry "LAT"]
[SourceTitle "CBM 167 Extra"]
[Source "ChessBase"]
[SourceDate "2015.09.14"]
[SourceVersion "1"]
[SourceVersionDate "2015.09.14"]
[SourceQuality "1"]

1. Nf3 f5 2. g3 Nf6 3. c4 g6 4. Bg2 Bg7 5. 0-0 0-0 6. Nc3 d6 7. d3 Nc6 8. Rb1 Nh5 9. Nd5 e6 10. Bg5 Qd7 11. Nf4 Nf6 12. b4 Qf7 13. b5 Ne7 14. e3 e5 15. Ne2 h6 16. Bxf6 Qxf6 17. Nd2 g5 18. Nc3 g4 19. Nd5 Nxd5 20. Bxd5+ Kh8 21. Qe2 Rb8 22. Nb3 b6 23. f4 Bd7 24. Qd2 Rbe8 25. Rfe1 Re7 26. fxe5 Qxe5 27. d4 Qf6 28. Nc1 Qg5 29. Rb3 Rfe8 30. Kf2 Bf6 31. Ne2 Qg7 32. Rd3 Bg5 33. Nf4 Bxf4 34. gxf4 Qf6 35. Ke2 Be6 36. Bxe6 Rxe6 37. Kd1 Re4 38. Ra3 Qf7 39. Ra4 R8e7 40. Kc2 Qe8 41. Ra3 Rxf4 42. e4 Rfxe4 43. Rxe4 fxe4 44. Qxh6+ Kg8 45. Rxa7 e3 46. Qg5+ Rg7 47. Qd5+ Kh7 48. Qf5+ Kh6 49. Qf4+ Kh7 50. Qf5+ Kh8 51. Kd1 e2+ 52. Ke1 Rf7 53. Qh5+ Kg8 54. Qg6+ Kf8 55. Qh6+ Kg8 56. Qg6+ Kf8 1/2-1/2

[Event "Heraklion Gazi op 11th"]
[Site "Heraklion"]
[Date "2015.07.31"]
[Round "8"]
[White "Kuprijanov, Anatoly"]
[Black "Kovchan, Alexander"]
[Result "0-1"]
[WhiteElo "2305"]
[BlackElo "2591"]
[PlyCount "98"]
[EventDate "2015.07.25"]
[EventType "swiss"]
[EventRounds "9"]
[EventCountry "GRE"]
[SourceTitle "CBM 167 Extra"]
[Source "ChessBase"]
[SourceDate "2015.09.14"]
[SourceVersion "1"]
[SourceVersionDate "2015.09.14"]
[SourceQuality "1"]

1. Nf3 Nf6 2. c4 g6 3. Nc3 d5 4. cxd5 Nxd5 5. Qa4+ Bd7 6. Qh4 Nxc3 7. dxc3 Nc6 8. e4 e5 9. Bg5 Be7 10. Bc4 h5 11. Bxe7 Qxe7 12. Qxe7+ Kxe7 13. Bd5 f6 14. 0-0-0 h4 15. g3 g5 16. gxh4 Bg4 17. Rd3 Bxf3 18. Rxf3 Rxh4 19. Rd3 Rd8 20. Kd2 Rdh8 21. Ke2 Rxh2 22. Rxh2 Rxh2 23. Bxc6 bxc6 24. Rd1 Rh8 25. Rg1 Ke6 26. Ke3 c5 27. Kd3 Rd8+ 28. Ke3 Rh8 29. Kd3 Rh4 30. Ke3 c4 31. Rd1 Rh3+ 32. Ke2 Rh8 33. Rb1 c6 34. Rd1 a5 35. a4 g4 36. Rd2 Rh7 37. Rd8 Rb7 38. Rd2 Rd7 39. Rc2 f5 40. exf5+ Kxf5 41. Kf1 Kf4 42. Kg2 e4 43. Re2 Rd3 44. Rc2 g3 45. fxg3+ Rxg3+ 46. Kf1 e3 47. Rh2 Kf3 48. Rh1 e2+ 49. Ke1 Ke3 0-1

[Event "Heraklion Gazi op 11th"]
[Site "Heraklion"]
[Date "2015.07.29"]
[Round "6"]
[White "Kuprijanov, Anatoly"]
[Black "Stojanovic, Mihajlo"]
[Result "0-1"]
[WhiteElo "2305"]
[BlackElo "2553"]
[PlyCount "92"]
[EventDate "2015.07.25"]
[EventType "swiss"]
[EventRounds "9"]
[EventCountry "GRE"]
[SourceTitle "CBM 167 Extra"]
[Source "ChessBase"]
[SourceDate "2015.09.14"]
[SourceVersion "1"]
[SourceVersionDate "2015.09.14"]
[SourceQuality "1"]

1. d4 d5 2. c4 e6 3. cxd5 exd5 4. Nc3 c6 5. Nf3 Bf5 6. Bg5 Qb6 7. Qd2 Nd7 8. e3 Ngf6 9. Bxf6 Nxf6 10. Nh4 Ne4 11. Qc2 Nxc3 12. Nxf5 Ne4 13. Bd3 Qa5+ 14. Ke2 Nf6 15. a3 Qc7 16. b4 g6 17. Nh4 a6 18. Nf3 Bd6 19. Rab1 0-0 20. a4 Qe7 21. Qb2 Ne4 22. Rhe1 a5 23. b5 Bb4 24. Bxe4 dxe4 25. Nd2 cxb5 26. axb5 Qe8 27. Kf1 Qxb5+ 28. Kg1 Qd3 29. Red1 Rfc8 30. Rbc1 Qe2 31. h3 Rc3 32. Qb1 Rxc1 33. Qxc1 Re8 34. d5 b5 35. d6 Bxd6 36. Nxe4 Be5 37. Rd5 a4 38. g3 Qc4 39. Qxc4 bxc4 40. Kf1 a3 41. Ra5 Bb2 42. Nd6 c3 43. Nxe8 c2 44. Rc5 c1Q+ 45. Rxc1 Bxc1 46. Nf6+ Kh8 0-1

[Event "Heraklion Gazi op 11th"]
[Site "Heraklion"]
[Date "2015.07.28"]
[Round "5"]
[White "Klokas, Konstantinos"]
[Black "Kuprijanov, Anatoly"]
[Result "0-1"]
[WhiteElo "2150"]
[BlackElo "2305"]
[PlyCount "48"]
[EventDate "2015.07.25"]
[EventType "swiss"]
[EventRounds "9"]
[EventCountry "GRE"]
[SourceTitle "CBM 167 Extra"]
[Source "ChessBase"]
[SourceDate "2015.09.14"]
[SourceVersion "1"]
[SourceVersionDate "2015.09.14"]
[SourceQuality "1"]

1. e4 c5 2. Nf3 d6 3. d4 cxd4 4. Nxd4 Nf6 5. Nc3 a6 6. Bg5 e6 7. f4 h6 8. Bh4 Be7 9. Qf3 Qc7 10. 0-0-0 Nbd7 11. Be2 0-0 12. f5 e5 13. Nb3 b5 14. Bxf6 Nxf6 15. Nd5 Nxd5 16. exd5 b4 17. Kb1 a5 18. c3 bxc3 19. bxc3 a4 20. Nd2 Bxf5+ 21. Qxf5 Qxc3 22. Qd3 Rfb8+ 23. Nb3 Qa5 24. Qd2 axb3 0-1

[Event "Heraklion Gazi op 11th"]
[Site "Heraklion"]
[Date "2015.07.27"]
[Round "4"]
[White "Kuprijanov, Anatoly"]
[Black "Stefanidi, Maria Anna"]
[Result "1-0"]
[WhiteElo "2305"]
[BlackElo "2031"]
[PlyCount "139"]
[EventDate "2015.07.25"]
[EventType "swiss"]
[EventRounds "9"]
[EventCountry "GRE"]
[SourceTitle "CBM 167 Extra"]
[Source "ChessBase"]
[SourceDate "2015.09.14"]
[SourceVersion "1"]
[SourceVersionDate "2015.09.14"]
[SourceQuality "1"]

1. Nf3 f5 2. d3 Nf6 3. Nbd2 d6 4. e4 e5 5. c3 Nc6 6. Qb3 Qd7 7. Be2 g6 8. h4 Bg7 9. h5 Nxh5 10. d4 exd4 11. cxd4 Nf4 12. Bb5 a6 13. Bxc6 Qxc6 14. Rxh7 Nd3+ 15. Kf1 Rxh7 16. Qg8+ Bf8 17. Qxh7 d5 18. exd5 Qc2 19. Qxg6+ Kd8 20. g3 Nxc1 21. Ne5 Bd7 22. Qf6+ Be7 23. Nf7+ Ke8 24. Qg6 Bb5+ 25. Kg2 Kd7 26. Ne5+ Kd8 27. Qg8+ Be8 28. Ndf3 c6 29. d6 Bxd6 30. Qg5+ Kc7 31. Qxc1 Qe4 32. Qe3 Qd5 33. Rh1 Kb6 34. b3 Ka7 35. Nc4 f4 36. gxf4 Bh5 37. Rh3 Rg8+ 38. Rg3 Re8 39. Nce5 c5 40. dxc5 Bxc5 41. Qc1 Bd6 42. Qc3 Bxe5 43. fxe5 Rxe5 44. Qd4+ Qxd4 45. Nxd4 Rd5 46. Rd3 Rg5+ 47. Kh2 Bg6 48. Rd2 Kb6 49. f4 Rg4 50. f5 Bf7 51. Kh3 Re4 52. Kg3 Kc5 53. Ne2 b5 54. Nf4 a5 55. Kf3 Re7 56. f6 Ra7 57. Ke4 Kb4 58. Ne2 a4 59. Nd4 Ra6 60. Ke5 Rb6 61. Rh2 Ka3 62. Rh7 axb3 63. Rxf7 bxa2 64. Rc7 Kb2 65. f7 a1Q 66. f8Q Qe1+ 67. Kd5 Qh1+ 68. Kc5 Rh6 69. Qf2+ Kb1 70. Qc2+ 1-0

[Event "Moscow op-A"]
[Site "Moscow"]
[Date "2015.02.02"]
[Round "3"]
[White "Kuprijanov, Anatoly"]
[Black "Zhuk, Valeriy"]
[Result "1/2-1/2"]
[WhiteElo "2248"]
[BlackElo "2150"]
[PlyCount "172"]
[EventDate "2015.01.31"]
[EventType "swiss"]
[EventRounds "9"]
[EventCountry "RUS"]
[SourceTitle "CBM 164 Extra"]
[Source "ChessBase"]
[SourceDate "2015.03.02"]
[SourceVersion "1"]
[SourceVersionDate "2015.03.02"]
[SourceQuality "1"]

1. d4 d5 2. c4 c6 3. Nf3 Nf6 4. e3 e6 5. Bd3 dxc4 6. Bxc4 Bd6 7. 0-0 Nbd7 8. Qe2 b5 9. Bd3 0-0 10. a4 bxa4 11. Nbd2 c5 12. e4 Be7 13. e5 Nd5 14. Ne4 cxd4 15. Rxa4 Nb4 16. Rxb4 Bxb4 17. Neg5 g6 18. Qe4 Nc5 19. Qh4 h5 20. Bc2 Bb7 21. Nxd4 a5 22. Be3 Qd5 23. Ndf3 Ba6 24. Be4 Nxe4 25. Nxe4 Qd3 26. Ra1 Bb7 27. Nfg5 Be7 28. Nf6+ Kg7 29. Nh3 Rad8 30. Kh1 Qf5 31. Bg5 Rd3 32. Nf4 Rd7 33. N4xh5+ gxh5 34. Nxh5+ Kg8 35. Bxe7 Rxe7 36. Qxe7 Bxg2+ 37. Kxg2 Qxh5 38. Ra3 Qh6 39. Rg3+ Kh7 40. Qa3 Rg8 41. Qxa5 Qh4 42. Qc3 Qe4+ 43. Qf3 Qxf3+ 44. Kxf3 Rb8 45. h3 Rxb2 46. Ke3 Rb4 47. f4 Rb3+ 48. Kf2 Rb8 49. Kf3 Rb4 50. h4 Ra4 51. Kg4 Kg6 52. Rb3 Ra1 53. Rg3 Ra4 54. Kf3+ Kh7 55. Rg2 Rb4 56. Rc2 Kg6 57. Rc7 Rb3+ 58. Kg4 f5+ 59. exf6 Kxf6 60. h5 Rb1 61. Rc5 Rg1+ 62. Kf3 Rh1 63. Rg5 Rh2 64. Ke3 Rh1 65. Kf3 Rh2 66. Kg3 Rh1 67. Kg2 Rh4 68. Kg3 Rh1 69. Rb5 Rg1+ 70. Kf2 Rh1 71. Kg2 Rh4 72. Kf3 Rh1 73. Rc5 Rh3+ 74. Ke4 Rh1 75. Rg5 Re1+ 76. Kf3 Rh1 77. Kg2 Rh4 78. Kg3 Rh1 79. Kf3 Rh2 80. Kg4 Rg2+ 81. Kh4 Rh2+ 82. Kg3 Rh1 83. Ra5 Rg1+ 84. Kf2 Rh1 85. Kg2 Rh4 86. Kg3 Rh1 1/2-1/2

[Event "Moscow op-A"]
[Site "Moscow"]
[Date "2015.02.01"]
[Round "2"]
[White "Ponkratov, Pavel"]
[Black "Kuprijanov, Anatoly"]
[Result "1-0"]
[WhiteElo "2620"]
[BlackElo "2248"]
[PlyCount "95"]
[EventDate "2015.01.31"]
[EventType "swiss"]
[EventRounds "9"]
[EventCountry "RUS"]
[SourceTitle "CBM 164 Extra"]
[Source "ChessBase"]
[SourceDate "2015.03.02"]
[SourceVersion "1"]
[SourceVersionDate "2015.03.02"]
[SourceQuality "1"]

1. d4 d5 2. c4 dxc4 3. Nf3 Nf6 4. Nc3 e6 5. Qa4+ Nbd7 6. e4 Be7 7. Qxc4 0-0 8. e5 Nb6 9. exf6 Nxc4 10. fxe7 Qxe7 11. Bxc4 c5 12. Bg5 f6 13. Be3 cxd4 14. Nxd4 Kh8 15. 0-0 Rd8 16. Rfd1 e5 17. Ndb5 Bd7 18. Nd5 Qf8 19. Nbc7 Rac8 20. Rac1 Qd6 21. Bf1 Bc6 22. Nb5 Bxb5 23. Rxc8 Rxc8 24. Bxb5 a6 25. Ba4 Rd8 26. h3 Qxd5 27. Rxd5 Rxd5 28. Bc2 g6 29. g4 Kg7 30. Kf1 Rd7 31. Ke2 Kf7 32. Bb3+ Kg7 33. a4 Rc7 34. Bb6 Rd7 35. a5 Rd6 36. Bc4 f5 37. gxf5 gxf5 38. Bc7 Rc6 39. Bxe5+ Kg6 40. Kd3 b6 41. b4 bxa5 42. bxa5 Kg5 43. Bd4 Kh4 44. Bb6 Rxc4 45. Kxc4 Kxh3 46. Kd5 h5 47. Bd8 Kg2 48. f4 1-0

[Event "Moscow op-A"]
[Site "Moscow"]
[Date "2015.01.31"]
[Round "1"]
[White "Kuprijanov, Anatoly"]
[Black "Sanal, Vahap"]
[Result "0-1"]
[WhiteElo "2248"]
[BlackElo "2460"]
[PlyCount "60"]
[EventDate "2015.01.31"]
[EventType "swiss"]
[EventRounds "9"]
[EventCountry "RUS"]
[SourceTitle "CBM 164 Extra"]
[Source "ChessBase"]
[SourceDate "2015.03.02"]
[SourceVersion "1"]
[SourceVersionDate "2015.03.02"]
[SourceQuality "1"]

1. Nf3 Nf6 2. d4 e6 3. Bf4 c5 4. c3 Nc6 5. e3 d5 6. Nbd2 Bd6 7. Bg3 0-0 8. Bd3 cxd4 9. exd4 Qc7 10. Qe2 g6 11. Bxd6 Qxd6 12. Ne5 Nd7 13. f4 f6 14. Nxd7 Bxd7 15. 0-0 e5 16. fxe5 fxe5 17. dxe5 Nxe5 18. Nb3 Rae8 19. Rxf8+ Rxf8 20. Nd4 Ng4 21. Nf3 Qb6+ 22. Nd4 Rf2 23. Qe7 Qxb2 24. Nc2 Qb6 25. Nd4 Qc7 26. Qh4 Qxc3 27. Nc2 Qxd3 28. Qd8+ Rf8 29. Qxd7 Qxc2 30. Qxg4 Qf2+ 0-1

[Event "Split op 4th"]
[Site "Split"]
[Date "2014.08.20"]
[Round "6"]
[White "Bilobrk, Franjo"]
[Black "Kuprijanov, Anatoly"]
[Result "1-0"]
[WhiteElo "2383"]
[BlackElo "2194"]
[PlyCount "121"]
[EventDate "2014.08.16"]
[EventType "swiss"]
[EventRounds "9"]
[EventCountry "CRO"]
[SourceTitle "CBM 161 Extra"]
[Source "ChessBase"]
[SourceDate "2014.08.29"]
[SourceVersion "1"]
[SourceVersionDate "2014.08.29"]
[SourceQuality "1"]

1. d4 d5 2. c4 dxc4 3. Nf3 Nf6 4. e3 e6 5. Bxc4 c5 6. 0-0 Nc6 7. Nc3 cxd4 8. exd4 Be7 9. Qe2 0-0 10. Rd1 Na5 11. Bd3 b6 12. Bg5 Bb7 13. Rac1 Rc8 14. Ne5 Nd5 15. Qh5 f5 16. Bxe7 Qxe7 17. Nxd5 Bxd5 18. b3 Bb7 19. Bc4 Nxc4 20. bxc4 Rfd8 21. Rc3 f4 22. Qg4 Rf8 23. Re1 Rcd8 24. Rd3 Rf5 25. Nc6 Qf6 26. Ne7+ Kf7 27. Nxf5 exf5 28. Qxf4 Be4 29. Rxe4 fxe4 30. Qxe4 Kg8 31. h4 h6 32. g3 Rf8 33. Rd2 Qd6 34. Kg2 Qb4 35. Rc2 Kh8 36. c5 bxc5 37. Qe7 Rc8 38. dxc5 Qa4 39. Qe6 Rc6 40. Qb3 Qd4 41. Qc4 Qe5 42. Qf4 Qe7 43. Qf5 Qb7 44. Qd5 Qb5 45. h5 Rf6 46. Qa8+ Kh7 47. Qe4+ Kh8 48. c6 Rf8 49. c7 Qd7 50. Qc6 Qc8 51. Rc4 Rf6 52. Qd5 Rf8 53. a4 a5 54. Qc6 Rf6 55. Qd5 Rf8 56. g4 Kh7 57. Kg3 Kh8 58. Qd6 Re8 59. Rc5 Kg8 60. Rb5 Kh7 61. Qg6+ 1-0

[Event "RUS-chT U20"]
[Site "Kaliningrad"]
[Date "2013.08.06"]
[Round "5"]
[White "Chernyuk, Mikhail"]
[Black "Kuprijanov, Anatoly"]
[Result "1-0"]
[WhiteElo "2286"]
[BlackElo "2208"]
[PlyCount "79"]
[EventDate "2013.08.02"]
[EventType "team-swiss"]
[EventRounds "9"]
[EventCountry "RUS"]
[SourceTitle "EXT 2018"]
[Source "ChessBase"]
[SourceDate "2017.10.13"]
[SourceVersion "1"]
[SourceVersionDate "2017.10.13"]
[SourceQuality "1"]

1. d4 d5 2. Nf3 Nf6 3. c4 c6 4. e3 Bg4 5. Be2 e6 6. 0-0 Nbd7 7. Nbd2 Bd6 8. b3 Qe7 9. Bb2 Ba3 10. Qc1 Bxb2 11. Qxb2 0-0 12. Rfe1 Ne4 13. Nxe4 dxe4 14. Nd2 Bxe2 15. Rxe2 f5 16. Rd1 Qh4 17. Qa3 Nf6 18. Qe7 Rf7 19. Qxe6 Re8 20. Qd6 Qh5 21. Rde1 g5 22. Qc5 Qg6 23. f3 a6 24. Rf1 exf3 25. Nxf3 Nd7 26. Qa5 h6 27. Qd2 Qd6 28. Ree1 b6 29. b4 b5 30. a3 Qe6 31. d5 cxd5 32. Nd4 Qe4 33. cxb5 axb5 34. Qc3 Nb6 35. Qc6 Rf6 36. Qxb5 Ra8 37. Rxf5 Rxf5 38. Nxf5 Qxf5 39. Qxb6 Rxa3 40. Rf1 1-0

[Event "Moscow-ch KO"]
[Site "Moscow"]
[Date "2011.05.18"]
[Round "1.4"]
[White "Kuprijanov, Anatoly"]
[Black "Mozharov, Mikhail"]
[Result "0-1"]
[WhiteElo "2114"]
[BlackElo "2469"]
[PlyCount "84"]
[EventDate "2011.05.18"]
[EventType "k.o."]
[EventRounds "2"]
[EventCountry "RUS"]
[SourceTitle "CBM 142 Extra"]
[Source "ChessBase"]
[SourceDate "2011.06.27"]
[SourceVersion "1"]
[SourceVersionDate "2011.06.27"]
[SourceQuality "1"]

1. d4 Nf6 2. Nf3 e6 3. c4 b6 4. Nc3 Bb4 5. Qc2 Bb7 6. a3 Bxc3+ 7. Qxc3 Ne4 8. Qc2 f5 9. e3 0-0 10. Be2 d6 11. b4 Nd7 12. Bb2 Ndf6 13. 0-0 Qe8 14. d5 e5 15. Nd2 Nxd2 16. Qxd2 Qg6 17. f4 exf4 18. exf4 Rae8 19. Bf3 Ne4 20. Qc2 Re7 21. a4 c6 22. dxc6 Bxc6 23. Ra3 Rc8 24. Qd3 h6 25. a5 Qf7 26. axb6 axb6 27. Qd4 b5 28. Rc1 Rce8 29. Re3 bxc4 30. Rxc4 Nf6 31. Rcc3 Be4 32. Bxe4 Rxe4 33. Rxe4 Rxe4 34. Rc8+ Kh7 35. Qxd6 Re1+ 36. Kf2 Ne4+ 37. Kxe1 Nxd6 38. Rc2 Qb3 39. Kd2 Nc4+ 40. Kc1 Qe3+ 41. Kb1 Nd2+ 42. Ka1 Qa7+ 0-1

[Event "Moscow-ch KO"]
[Site "Moscow"]
[Date "2011.05.18"]
[Round "1.3"]
[White "Mozharov, Mikhail"]
[Black "Kuprijanov, Anatoly"]
[Result "1/2-1/2"]
[WhiteElo "2469"]
[BlackElo "2114"]
[PlyCount "64"]
[EventDate "2011.05.18"]
[EventType "k.o."]
[EventRounds "2"]
[EventCountry "RUS"]
[SourceTitle "CBM 142 Extra"]
[Source "ChessBase"]
[SourceDate "2011.06.27"]
[SourceVersion "1"]
[SourceVersionDate "2011.06.27"]
[SourceQuality "1"]

1. d4 d5 2. c4 c6 3. Nf3 Nf6 4. Nc3 a6 5. e3 b5 6. b3 Bg4 7. h3 Bxf3 8. Qxf3 e6 9. Bd2 Nbd7 10. cxd5 cxd5 11. Bd3 Be7 12. 0-0 0-0 13. a4 b4 14. Na2 a5 15. Rfc1 Rc8 16. Qe2 Qb6 17. Ba6 Ra8 18. Bb5 Rfc8 19. Be1 Nf8 20. f3 Qd8 21. Ba6 Rxc1 22. Rxc1 Qb6 23. Bb5 Qd8 24. Qc2 Bd6 25. Qc6 Rb8 26. Rc2 h5 27. Nc1 Ng6 28. Nd3 Ne7 29. Qa6 Ra8 30. Qb7 Rb8 31. Qa7 Ra8 32. Qb7 Rb8 1/2-1/2

[Event "Moscow-ch sf"]
[Site "Moscow"]
[Date "2011.03.17"]
[Round "3"]
[White "Tarasov, Alexandr"]
[Black "Kuprijanov, Anatoly"]
[Result "1-0"]
[WhiteElo "1984"]
[BlackElo "2119"]
[PlyCount "127"]
[EventDate "2011.03.13"]
[EventType "swiss"]
[EventRounds "9"]
[EventCountry "RUS"]
[SourceTitle "CBM 141 Extra"]
[Source "ChessBase"]
[SourceDate "2011.05.03"]
[SourceVersion "1"]
[SourceVersionDate "2011.05.03"]
[SourceQuality "1"]

1. d4 Nf6 2. c4 c5 3. d5 b5 4. cxb5 a6 5. bxa6 Bxa6 6. Nc3 d6 7. g3 g6 8. Bg2 Bg7 9. Nf3 0-0 10. 0-0 Nbd7 11. Qc2 Nb6 12. Rd1 Ra7 13. e4 Qa8 14. Rb1 Rb8 15. b3 Bc8 16. h3 Bd7 17. Nd2 Ne8 18. Bb2 Nc7 19. Bf1 e6 20. Nc4 Nxc4 21. Bxc4 Bd4 22. Kh2 e5 23. a4 Qb7 24. f4 Qc8 25. Qg2 Rb4 26. fxe5 Bxe5 27. Na2 Rb6 28. Bxe5 dxe5 29. Nc1 Ne8 30. Nd3 f6 31. Qf2 Ra5 32. Qd2 Ra7 33. Qf2 Ra5 34. b4 Rxa4 35. Bb3 Raxb4 36. Nxb4 Rxb4 37. Rdc1 Rxe4 38. Rxc5 Qa6 39. Rc2 f5 40. Re1 Nd6 41. Rxe4 Nxe4 42. Qe3 Qd6 43. Qa7 Nf6 44. Qc5 Qxc5 45. Rxc5 e4 46. d6+ Kg7 47. Re5 g5 48. Re7+ Kg6 49. Bf7+ Kh6 50. Kg2 f4 51. Be6 Bc6 52. gxf4 e3+ 53. Kf1 gxf4 54. d7 f3 55. d8Q Bb5+ 56. Kg1 f2+ 57. Kh2 f1Q 58. Qf8+ Kg5 59. Qg7+ Kh4 60. Qg3+ Kh5 61. Bf7+ Kh6 62. Qh4+ Nh5 63. Qxh5+ Kg7 64. Bc4+ 1-0

[Event "Moscow op-E"]
[Site "Moscow"]
[Date "2011.02.05"]
[Round "8.95"]
[White "Gordievsky, Dmitry"]
[Black "Kuprijanov, Anatoly"]
[Result "1-0"]
[WhiteElo "2298"]
[BlackElo "2069"]
[PlyCount "99"]
[EventDate "2011.01.29"]
[EventType "swiss"]
[EventRounds "9"]
[EventCountry "RUS"]
[SourceTitle "EXT 2022"]
[Source "ChessBase"]
[SourceDate "2021.10.06"]
[SourceVersion "1"]
[SourceVersionDate "2021.10.06"]
[SourceQuality "1"]

1. c4 c6 2. d4 d5 3. Nc3 Nf6 4. Nf3 a6 5. e3 Bg4 6. Be2 e6 7. 0-0 Nbd7 8. Qc2 b5 9. b3 Bf5 10. Bd3 Bxd3 11. Qxd3 b4 12. Na4 Be7 13. Bb2 0-0 14. Rac1 Nb6 15. Nxb6 Qxb6 16. Ne5 Rac8 17. Rc2 Qb7 18. Rfc1 Bd6 19. cxd5 cxd5 20. Nc6 Kh8 21. Na5 Qd7 22. Rxc8 Rxc8 23. Qxa6 Rxc1+ 24. Bxc1 Qc7 25. Nc6 Bxh2+ 26. Kf1 h5 27. Bd2 Bd6 28. f3 h4 29. Nxb4 Bxb4 30. Bxb4 Qh2 31. Bd6 Qh1+ 32. Kf2 Qb1 33. Qe2 Qf5 34. Kg1 Nh5 35. Kh2 Qg5 36. b4 f6 37. b5 e5 38. b6 Qg3+ 39. Kg1 h3 40. b7 h2+ 41. Kh1 Qh4 42. b8Q+ Kh7 43. Qb1+ Kh6 44. Qbe1 Ng3+ 45. Qxg3 Qxg3 46. Bb4 e4 47. fxe4 dxe4 48. Be1 Qb8 49. g3 g5 50. Kxh2 1-0